Normal view
MARC view
- Safdar, Umair
Entry Personal Name
001 - CONTROL NUMBER
- control field: 129832
003 - CONTROL NUMBER IDENTIFIER
- control field: NUST
005 - DATE AND TIME OF LATEST TRANSACTION
- control field: 20250715102215.0
008 - FIXED-LENGTH DATA ELEMENTS
- fixed length control field: 250715|| aca||aabn | a|a d
040 ## - CATALOGING SOURCE
- Original cataloging agency: NUST
- Transcribing agency: NUST
100 ## - HEADING--PERSONAL NAME
- Personal name: Safdar, Umair
670 ## - SOURCE DATA FOUND
- Source citation: Work cat.: (NUST): Safdar, Umair, Enhancing ROS 2 Security with Standardized Post-Quantum Cryptosystems /
